00430nam a2200145Ia 4500008004100000041000800041082001900049100001800068245009400086250001200180260003600192300001100228650002700239700001800266230711s9999||||xx |||||||||||||| ||und|| aENG a621.3192bBH-E aBhise,Gopal G 0aEngineering netwrok analysis and filter design : Including synthesis of one port networks a1st Ed. c1999aDelhibUmesh Publications a1072p. aElectrical Engineering aChadha,Prem R